Выписка из донесения попечителя Дерптского учебного округа о пожертвовании 15 тысяч рублей в пользу университета графиней Лесток

Доступно только в Электронных читальных залах Найти на картеНа карте
RUSMARC
00004365nmc2a2200000 x 450
001068c5126-9046-457f-8f28-a553363c4e47
00520170113094850.0
100##$a20140506l18021802k l0rusy0189 ca
1010#$arus
102##$aRU
2001#$aВыписка из донесения попечителя Дерптского учебного округа о пожертвовании 15 тысяч рублей в пользу университета графиней Лесток
$j15 декабря 1802 г.
251##$cДело
300##$aДело
300##$aОриг. заголовок дела: Дело по отношению кураторов Дерптского университета о том, что университет праздновал день рождения его императорского величества и что баронесса Лесток внесла 15 тысяч серебром в пользу учащихся. 15 декабря 1802 г
801#0$aRU
$bРГИА
$c20140506
$gRCR
801#1$aRU
$bГлавНИВЦ
$c20140506
$2rusmarc
801#2$aRU
$bПБ им. Б.Н. Ельцина
$c20170113
$gRCR
$2rusmarc
850##$aРГИА
852##$aРГИА
$eФедеральное казенное учреждение "Российский государственный исторический архив" (РГИА)
$j3
937##$hРГИА
$d11167518
$aASBIBLIO_SCAN
462#0$10015faafd89-1df2-4e8f-a0ba-1d8a620713c6
$12001
$aДела Департамента народного просвещения по Дерптскому учебному округу за 1802-1836 гг.
$1251
$cОпись
$1852
$j56
461#0$1001a74412a3-3cc5-4d21-8f0a-dfe2fbd9e72d
$12001
$aДепартамент народного просвещения Министерства народного просвещения (1803-1917)
$1251
$cФонд
$1852
$j733
215##$a3 л.
$d36,5х26 см
371##$aДокумент не является опубликованным и широко распространяемым
105##$ay###
1220#$ad
5171#$aДело по отношению кураторов Дерптского университета о том, что университет праздновал день рождения его императорского величества и что баронесса Лесток внесла 15 тысяч серебром в пользу учащихся. 15 декабря 1802 г.
035##$a068c5126-9046-457f-8f28-a553363c4e47
856##$uhttp://readingroom.main.prlib.ru/item.aspx?id_node=n94218747&mode=full
Формат отображения